000 00485nam a22001577a 4500
082 _a621.31
_bSAJ
100 _aSajid, Tahreem (453461)
_9132313
245 _aIntelligent Energy Management Strategies for Hybrid Electric Vehicles /
264 _aIslamabad :
_bUSPCAS-E, NUST
_cAugust, 2025
300 _axv, 59 p.
_e+CD
520 _aTH-655
650 _aMS EEP Thesis
650 _aMS Thesis
_918721
700 _aSupervisor : Dr. Hassan Abdullah Khalid
_9117474
942 _2ddc
_cTHE
999 _c615536
_d615536